| 000 | 00926nam a2200229Ia 4500 | ||
|---|---|---|---|
| 003 | OSt | ||
| 005 | 20250410151227.0 | ||
| 008 | 191128s1959 spa gr 000 f spa d | ||
| 020 | _a8439582633 | ||
| 040 |
_aCO-JMCR _cCO-JMCR |
||
| 041 | _aspa | ||
| 082 | 0 | 4 |
_aA-N _bBENc |
| 100 | 1 |
_aBenítez, J. J., _d1946 _eautor _99914 |
|
| 245 | 1 | 0 |
_aCaballo de troya : Jerusalén / _cJ.J. Benítez |
| 260 |
_aMadrid : _bPlaneta deagostini, _c1999 |
||
| 300 |
_a413-727 páginas ; _c23 cm. |
||
| 490 | 0 | _aBiblioteca J.J. Benítez | |
| 505 | _a7 de abril, viernes -- 8 de abril, sábado -- 9 de abril, domingo | ||
| 520 | _a"Una documentación que pone al descubierto multitud de datos nuevos sobre la figura y la obra de Jesús de Nazaret. Podemos asegurar que -tal y como sospecha buena parte de la humanidad- las grandes potencias ocultan muchos de sus proyectos espaciales" | ||
| 650 | 1 | 4 |
_aNovela española _99915 |
| 942 |
_2ddc _cBK |
||
| 999 |
_c3234 _d3234 |
||